000 00498nam a2200193Ia 4500
005 20240823024618.0
008 240823s9999||||xx |||||||||||||| ||und||
020 _a978-81-309-0997-4
041 _aENGLISH
082 _A511 P9
100 _a"McQuarrie,Donald A"
245 0 _aMathematical Methods for Sicentists and Engineers
250 _a1st
260 _c2009
_b"Viva Books,New Delhi"
500 _aYES
650 _aMathematical Methods
_bMathematics
942 _cBK
999 _c184329
_d184329